000 00332nam a2200145Ia 4500
100 _aRathan Reddy/B
942 _cBK
366 _f15
654 _aTeam development
245 _aTeam development and leadership
260 _bJaico Publishing House
_aMumbai
_c2005
082 _a658.4092/RAT
300 _a656
546 _aENGLISH
999 _c22681
_d22681